MARC

LEADER 00000nam0a2200000 4500
001 22402
005 20231030194714.0
010 |a 5222010813 
035 |a (RuTPU)RU\TPU\book\22615 
035 |a BOOK00022686 
090 |a 22402 
100 |a 20011209d2000 m y0rusy50 ca 
101 0 |a rus 
102 |a RU 
105 |a y j 000zy 
200 1 |a Экология  |e учебник  |f В. И. Коробкин, Л. В. Передельский 
210 |a Ростов-на-Дону  |c Феникс  |d 2000 
215 |a 576 с. 
451 1 |0 (RuTPU)RU\TPU\book\31287  |y 5-222-01081-3  |t Экология  |o учебник для вузов  |f В. И. Коробкин, Л. В. Передельский  |c Ростов-на-Дону  |n Феникс  |d 2001  |p 575 с.  |a Коробкин, Владимир Иванович 
610 1 |a экология 
610 1 |a биосфера 
610 1 |a антропогенные воздействия 
610 1 |a окружающая среда 
610 1 |a природопользование 
610 1 |a экологическое право 
610 1 |a международное сотрудничество 
610 1 |a учебники 
610 1 |a охрана 
675 |a 504.06(075.8)  |v 3 
700 1 |a Коробкин  |b В. И.  |g Владимир Иванович 
701 1 |a Передельский  |b Л. В.  |g Леонид Васильевич 
801 0 |a RU  |b 63413507  |c 20011209  |g PSBO 
801 2 |a RU  |b 63413507  |c 20170303  |g PSBO 
900 |a Геоэкология 
942 |c BK